[Event "M.Botvinnik Memorial 2012"]
[Site "St. Petersburg, Russia"]
[Date "2012.08.28"]
[Round "4.106"]
[White "Popov, Alexei"]
[Black "Gusev, Boris"]
[Result "1-0"]
[WhiteElo "1797"]
[BlackElo "1724"]
[PlyCount "91"]
[EventDate "2012.08.25"]

1. e4 e6 2. d4 d5 3. e5 c5 4. c3 Nc6 5. Nf3 Qb6 6. Be2 cxd4 7. cxd4 Nge7 8. b3
Nf5 9. Bb2 Bb4+ 10. Kf1 Bd7 11. a3 Be7 12. Nc3 Rc8 13. Na4 Qa5 14. b4 Qd8 15.
g3 O-O 16. h4 f6 17. g4 Nh6 18. exf6 gxf6 19. Ne1 Nf7 20. g5 f5 21. f4 Nd6 22.
Rg1 Ne4 23. Nc5 Qc7 24. Ned3 b6 25. Nxd7 Qxd7 26. b5 Na5 27. Ne5 Qd8 28. Bd3
Bd6 29. Qh5 Bxe5 30. dxe5 Rc7 31. Qh6 Re8 32. g6 Ree7 33. gxh7+ Kh8 34. Rg8+
Qxg8 35. hxg8=Q+ Kxg8 36. Bxe4 dxe4 37. Rd1 Re8 38. Qg6+ Kf8 39. h5 Rg7 40.
Qf6+ Rf7 41. Qh6+ Kg8 42. Rd6 Rfe7 43. Qg6+ Kh8 44. h6 Nc4 45. Rxe6 Nxb2 46.
Qf6+ 1-0

[Event "M.Botvinnik Memorial 2012"]
[Site "St. Petersburg, Russia"]
[Date "2012.08.28"]
[Round "4.107"]
[White "Molchanov, Alexander"]
[Black "Levdansky, Alexey"]
[Result "0-1"]
[WhiteElo "1783"]
[BlackElo "1716"]
[PlyCount "82"]
[EventDate "2012.08.25"]

1. e4 c5 2. Nf3 Nc6 3. d4 cxd4 4. Nxd4 g6 5. Nc3 Bg7 6. Be3 Nf6 7. Be2 O-O 8.
O-O d6 9. f4 Bd7 10. Kh1 Nxd4 11. Bxd4 Bc6 12. Bf3 Rc8 13. e5 Ne8 14. Bxc6 bxc6
15. Re1 dxe5 16. Bxe5 Bxe5 17. Rxe5 Qxd1+ 18. Rxd1 e6 19. Rd7 Rc7 20. Rxc7 Nxc7
21. Rc5 Nd5 22. Rxc6 Nxf4 23. Kg1 Rd8 24. Ne4 Kg7 25. Kf2 Rb8 26. b3 Rb4 27.
Kf3 Nxg2 28. Kxg2 Rxe4 29. Ra6 Re2+ 30. Kg3 Re3+ 31. Kg2 Rc3 32. Rxa7 Rxc2+ 33.
Kg3 e5 34. b4 Rb2 35. a3 g5 36. Ra5 f6 37. b5 e4 38. h3 h5 39. a4 Kg6 40. Ra6
h4+ 41. Kg4 Rg2# 0-1

[Event "M.Botvinnik Memorial 2012"]
[Site "St. Petersburg, Russia"]
[Date "2012.08.28"]
[Round "4.109"]
[White "Lyazhkov, Sergey"]
[Black "Oxener, Aldo"]
[Result "1-0"]
[WhiteElo "1769"]
[BlackElo "1513"]
[PlyCount "45"]
[EventDate "2012.08.25"]

1. e4 d5 2. exd5 Qxd5 3. Nc3 Qd6 4. d4 Nf6 5. Nf3 a6 6. g3 b5 7. Bg2 Bb7 8. O-O
Nbd7 9. Bf4 Qb6 10. a4 b4 11. a5 Qa7 12. Na2 Nd5 13. Bd2 e6 14. c4 bxc3 15.
Nxc3 c5 16. Nxd5 Bxd5 17. Bf4 Be7 18. Rc1 O-O 19. dxc5 Bxc5 20. b4 Rfd8 21.
bxc5 Nxc5 22. Be3 Rac8 23. Qc2 1-0

[Event "M.Botvinnik Memorial 2012"]
[Site "St. Petersburg, Russia"]
[Date "2012.08.28"]
[Round "4.111"]
[White "Lysukha, Nikita"]
[Black "Trumul, Svetlana"]
[Result "1-0"]
[WhiteElo "1759"]
[BlackElo "1474"]
[PlyCount "87"]
[EventDate "2012.08.25"]

1. d4 d5 2. c4 c6 3. Nf3 Nf6 4. Nc3 Bf5 5. Qb3 e6 6. cxd5 cxd5 7. Qxb7 Nbd7 8.
e3 Be7 9. Bb5 O-O 10. O-O Nb6 11. Ne5 Bd6 12. Nc6 Qd7 13. Qa6 Qc7 14. f4 h5 15.
Ne5 h4 16. Bd2 h3 17. g3 Ne4 18. Nxe4 Bxe4 19. Rac1 Nc4 20. Nxc4 dxc4 21. Bxc4
Qe7 22. Bd3 Bb7 23. Qa4 Bg2 24. Rf2 Rab8 25. Bc3 Rfc8 26. Bf1 Be4 27. Bxh3 Bb4
28. Bg2 Bf5 29. e4 Bh7 30. Rfc2 Bxc3 31. Rxc3 Rxc3 32. Rxc3 Bg6 33. Rb3 Rd8 34.
Qb4 Qe8 35. Rc3 Rd7 36. b3 Bh5 37. Qa4 Be2 38. Rc7 Rxc7 39. Qxe8+ Kh7 40. h3
Rc2 41. e5 Rc1+ 42. Kf2 Ba6 43. Be4+ Kh6 44. Qh8# 1-0

[Event "M.Botvinnik Memorial 2012"]
[Site "St. Petersburg, Russia"]
[Date "2012.08.29"]
[Round "5.1"]
[White "Areshchenko, Alexander"]
[Black "Lysyj, Igor"]
[Result "1-0"]
[WhiteElo "2691"]
[BlackElo "2624"]
[PlyCount "121"]
[EventDate "2012.08.25"]

1. e4 e5 2. Nf3 Nc6 3. Bb5 Nf6 4. d3 Bc5 5. c3 O-O 6. O-O d6 7. Bg5 h6 8. Bh4
g5 9. Bg3 Nh5 10. Nbd2 Qf6 11. Kh1 Nf4 12. Nc4 Be6 13. Bxc6 bxc6 14. Na5 Bd7
15. d4 exd4 16. cxd4 Bb6 17. Nc4 Bg4 18. e5 Qe6 19. Rc1 Qd5 20. exd6 cxd6 21.
Ne3 Bxf3 22. Nxd5 Bxd1 23. Ne7+ Kh7 24. Rfxd1 c5 25. Bxf4 gxf4 26. Nd5 f3 27.
gxf3 cxd4 28. a4 Rfc8 29. Rxc8 Rxc8 30. Nxb6 axb6 31. Rxd4 Rc2 32. Rb4 Rc6 33.
Rb5 Kg6 34. Kg2 Kf6 35. f4 Ke6 36. Kf3 d5 37. Ke3 h5 38. b3 h4 39. h3 Rc3+ 40.
Kd4 Rxh3 41. Rxb6+ Kf5 42. a5 Rh1 43. Kxd5 f6 44. Rb8 h3 45. Rh8 h2 46. a6 Ra1
47. Rxh2 Rxa6 48. Rh3 Ra2 49. Rc3 Kxf4 50. f3 Ra3 51. Kc4 f5 52. Rd3 Ra8 53. b4
Rc8+ 54. Kb3 Rb8 55. Ka3 Ra8+ 56. Kb2 Rb8 57. Rb3 Ke5 58. b5 Kd4 59. b6 Rb7 60.
Rb4+ Kc5 61. Kc3 1-0

[Event "M.Botvinnik Memorial 2012"]
[Site "St. Petersburg, Russia"]
[Date "2012.08.29"]
[Round "5.2"]
[White "Onischuk, Vladimir"]
[Black "Alekseev, Evgeny"]
[Result "1/2-1/2"]
[WhiteElo "2547"]
[BlackElo "2673"]
[PlyCount "43"]
[EventDate "2012.08.25"]

1. e4 c5 2. Nf3 Nc6 3. Nc3 d6 4. d4 cxd4 5. Nxd4 Nf6 6. Nb3 e6 7. g4 d5 8. g5
Nxe4 9. Nxe4 dxe4 10. Qxd8+ Nxd8 11. Bg2 Bd7 12. Be3 f5 13. gxf6 gxf6 14. Bxe4
Bc6 15. Bxc6+ Nxc6 16. O-O-O Rg8 17. Rhe1 Rg4 18. Bc5 Bh6+ 19. Be3 Bf8 20. Bc5
Bh6+ 21. Be3 Bf8 22. Bc5 1/2-1/2

[Event "M.Botvinnik Memorial 2012"]
[Site "St. Petersburg, Russia"]
[Date "2012.08.29"]
[Round "5.3"]
[White "Zvjaginsev, Vadim"]
[Black "Yevseev, Denis"]
[Result "1/2-1/2"]
[WhiteElo "2671"]
[BlackElo "2535"]
[PlyCount "142"]
[EventDate "2012.08.25"]

1. e4 c6 2. Nc3 d5 3. Nf3 Bg4 4. Be2 dxe4 5. Ng5 Bxe2 6. Qxe2 Nf6 7. Ncxe4 Nxe4
8. Nxe4 e6 9. b3 Nd7 10. Bb2 Nf6 11. Nxf6+ gxf6 12. h4 Rg8 13. g4 f5 14. f3 Qa5
15. Bc3 Bb4 16. Bxb4 Qxb4 17. gxf5 Qd4 18. c3 Rg1+ 19. Rxg1 Qxg1+ 20. Qf1 Qg3+
21. Kd1 Qxh4 22. fxe6 fxe6 23. Kc2 O-O-O 24. Qe2 Qf6 25. Qe4 Rf8 26. Rh1 h6 27.
Qe3 Qf5+ 28. Kc1 Qxf3 29. Qxe6+ Kb8 30. Qd6+ Kc8 31. Rxh6 Rd8 32. Qe6+ Kb8 33.
Qe5+ Kc8 34. Rf6 Qd5 35. Qf5+ Kb8 36. Qf4+ Ka8 37. Rf8 a6 38. b4 Qh1+ 39. Kc2
Rxf8 40. Qxf8+ Ka7 41. Qc5+ Ka8 42. Kb2 Qf1 43. Qd4 Qd1 44. Qe3 Kb8 45. Qd3 Ka7
46. Qc2 Qf3 47. c4 Qg4 48. a4 Qe2 49. Qc3 Qf1 50. Kc2 Kb8 51. Qe5+ Ka8 52. Qh8+
Ka7 53. Qd4+ Ka8 54. a5 Kb8 55. Qd3 Qa1 56. Qd6+ Ka7 57. d3 Qa2+ 58. Kc3 Qa1+
59. Kd2 Qb2+ 60. Ke3 Qc1+ 61. Ke4 Qh1+ 62. Kd4 Qg1+ 63. Ke5 Qh2+ 64. Ke6 Qh6+
65. Kd7 Qh7+ 66. Kc8 Qg8+ 67. Kc7 Qf7+ 68. Kd8 Qg8+ 69. Ke7 Qg7+ 70. Ke8 Qg8+
71. Kd7 Qh7+ 1/2-1/2

[Event "M.Botvinnik Memorial 2012"]
[Site "St. Petersburg, Russia"]
[Date "2012.08.29"]
[Round "5.4"]
[White "Popov, Valerij"]
[Black "Hovhannisyan, Robert"]
[Result "1/2-1/2"]
[WhiteElo "2557"]
[BlackElo "2612"]
[PlyCount "150"]
[EventDate "2012.08.25"]

1. Nf3 d5 2. g3 Bg4 3. Bg2 c6 4. c4 e6 5. cxd5 exd5 6. O-O Nf6 7. d3 Nbd7 8.
Nc3 Be7 9. h3 Bxf3 10. Bxf3 d4 11. Ne4 Nxe4 12. Bxe4 O-O 13. Bd2 a5 14. Rb1 Re8
15. Bf3 Bb4 16. a3 Bxd2 17. Qxd2 a4 18. b4 axb3 19. Rxb3 Nc5 20. Rb4 Rxa3 21.
Qb2 Rc3 22. Rc1 Rxc1+ 23. Qxc1 Qd6 24. Rc4 Ne6 25. h4 g6 26. h5 Qe5 27. h6 c5
28. Bxb7 Qxe2 29. Be4 Qh5 30. Rc2 Rc8 31. Kg2 Qe5 32. Bb7 Rb8 33. Bf3 Qd6 34.
Bg4 f5 35. Bf3 g5 36. Ra2 g4 37. Ba8 Nc7 38. Ra7 Rxa8 39. Rxc7 Qxc7 40. Qg5+
Kf8 41. Qxf5+ Qf7 42. Qxc5+ Qe7 43. Qf5+ Ke8 44. Qb5+ Qd7 45. Qe5+ Kd8 46. Qh8+
Qe8 47. Qxd4+ Kc7 48. Qf4+ Kb6 49. Qd4+ Ka5 50. Qd5+ Ka6 51. Qd6+ Kb7 52. Qb4+
Kc6 53. Qc4+ Kd6 54. Qd4+ Ke6 55. Qxg4+ Kf6 56. Qg7+ Kf5 57. Qxh7+ Ke6 58. g4
Qc6+ 59. Kg3 Qh1 60. Qf5+ Ke7 61. Qe5+ Kf7 62. Qf5+ Ke7 63. Qe5+ Kf7 64. Qc7+
Ke6 65. Qc4+ Ke7 66. Qe4+ Qxe4 67. dxe4 Kf6 68. f4 Kg6 69. g5 Kh5 70. e5 Ra3+
71. Kf2 Kg6 72. Kg2 Ra7 73. Kf3 Kf5 74. Kg3 Rb7 75. Kf3 Ra7 1/2-1/2

[Event "M.Botvinnik Memorial 2012"]
[Site "St. Petersburg, Russia"]
[Date "2012.08.29"]
[Round "5.6"]
[White "Ponkratov, Pavel"]
[Black "Ovetchkin, Roman"]
[Result "1/2-1/2"]
[WhiteElo "2598"]
[BlackElo "2526"]
[PlyCount "81"]
[EventDate "2012.08.25"]

1. e4 e5 2. Nf3 Nc6 3. Bc4 Bc5 4. c3 Nf6 5. d3 O-O 6. O-O d5 7. exd5 Nxd5 8. a4
Nf6 9. Re1 Ng4 10. d4 exd4 11. Bg5 Qd6 12. Bh4 Bf5 13. Bg3 Qd7 14. Bb5 a6 15.
Bxc6 Qxc6 16. Nxd4 Qd7 17. Nxf5 Qxf5 18. Qf3 Rae8 19. Nd2 Qc8 20. Re4 Rxe4 21.
Nxe4 Be7 22. Re1 Rd8 23. Bxc7 Qxc7 24. Qxg4 g6 25. Qe2 Qc6 26. Qc2 Qd5 27. g3
f5 28. Nd2 Qxd2 29. Qxd2 Rxd2 30. Rxe7 Rxb2 31. Kg2 b5 32. axb5 axb5 33. Rb7
Rc2 34. Rxb5 Rxc3 35. Rb7 Ra3 36. Kh3 f4 37. Kg4 fxg3 38. hxg3 Ra5 39. f4 Rc5
40. Kf3 Rc3+ 41. Kg2 1/2-1/2

[Event "M.Botvinnik Memorial 2012"]
[Site "St. Petersburg, Russia"]
[Date "2012.08.29"]
[Round "5.7"]
[White "Goganov, Aleksey"]
[Black "Aleksandrov, Aleksej"]
[Result "0-1"]
[WhiteElo "2525"]
[BlackElo "2597"]
[PlyCount "206"]
[EventDate "2012.08.25"]

1. d4 Nf6 2. c4 e6 3. Nf3 d5 4. Nc3 Bb4 5. Bg5 h6 6. Bxf6 Qxf6 7. e3 c5 8. cxd5
exd5 9. Bb5+ Bd7 10. Bxd7+ Nxd7 11. O-O Bxc3 12. bxc3 Qc6 13. dxc5 Nxc5 14. Nd4
Qd7 15. Nb3 Ne6 16. Qh5 Rc8 17. Rad1 Rxc3 18. Rxd5 Qc6 19. Qe5 O-O 20. Rfd1 Rc2
21. R5d2 Rc8 22. h3 Rxd2 23. Rxd2 b6 24. Rd6 Qc4 25. Kh2 Qc2 26. Rd2 Qc3 27.
Qxc3 Rxc3 28. Kg3 Rc4 29. Kf3 Kf8 30. Ke2 Ke7 31. f4 g6 32. Kf3 a5 33. Rb2 Rc3
34. Nd2 b5 35. Ke2 Nc7 36. Nb3 Nd5 37. Nxa5 Rxe3+ 38. Kf2 Ra3 39. Nc6+ Kf6 40.
Rxb5 Rxa2+ 41. Kg3 Ra3+ 42. Kh2 Nxf4 43. Rb2 Ne6 44. Rf2+ Kg7 45. Ne5 f6 46.
Nd7 f5 47. Re2 Ra6 48. Rb2 Nf4 49. Rf2 Nd5 50. Re2 Rd6 51. Nc5 Rc6 52. Nd3 Kf6
53. Rb2 Rd6 54. Nc5 Ne3 55. Rb3 Nc4 56. Rb4 Ne5 57. Rf4 Rc6 58. Ne4+ Ke6 59.
Nd2 g5 60. Rf1 Rc3 61. Ra1 Rc2 62. Nb3 Nc6 63. Rc1 Rxc1 64. Nxc1 Ke5 65. Kg3
Ke4 66. Kf2 Nd4 67. Na2 Kd3 68. Nb4+ Kc4 69. Na6 Ne6 70. Nb8 Kd5 71. Na6 Kc4
72. Nb8 Nc5 73. Nc6 Nd3+ 74. Ke3 Nf4 75. Kf3 Ng6 76. Na5+ Kc3 77. Nb7 Ne5+ 78.
Ke2 Nf7 79. Nc5 Kc4 80. Nd3 Kd4 81. Nc1 Ne5 82. Nb3+ Kc4 83. Nd2+ Kc3 84. Nf1
Nc6 85. Ne3 Nd4+ 86. Kf2 Kd3 87. Nd5 Nc6 88. Kf3 Kd4 89. Ne3 Ne5+ 90. Ke2 Ke4
91. Nf1 Kf4 92. Ne3 h5 93. Kf2 Nd3+ 94. Ke2 Nc5 95. Nd5+ Kg3 96. Kf1 Ne4 97.
Ne7 Nd6 98. Nc6 Nc4 99. Kg1 Ne3 100. Nd4 Nxg2 101. Nxf5+ Kxh3 102. Nd4 Nf4 103.
Nf3 Kg4 0-1

[Event "M.Botvinnik Memorial 2012"]
[Site "St. Petersburg, Russia"]
[Date "2012.08.29"]
[Round "5.8"]
[White "Romanov, Evgeny"]
[Black "Lavrov, Maxim"]
[Result "1-0"]
[WhiteElo "2595"]
[BlackElo "2372"]
[PlyCount "117"]
[EventDate "2012.08.25"]

1. e4 e5 2. Nf3 Nc6 3. Bb5 a6 4. Ba4 Nf6 5. O-O Be7 6. d3 b5 7. Bb3 d6 8. a4
Bg4 9. c3 O-O 10. Nbd2 Na5 11. Bc2 c5 12. h3 Bxf3 13. Nxf3 b4 14. cxb4 cxb4 15.
d4 Qc7 16. Bd3 Nd7 17. Be3 exd4 18. Rc1 Qd8 19. Nxd4 Bf6 20. Bc4 Nc5 21. Bd5
Rc8 22. b3 Bxd4 23. Bxd4 Qd7 24. Bb2 Kh8 25. Qf3 f6 26. Rfe1 Nc6 27. Re3 Ne7
28. Bc4 Ng6 29. Qe2 Rc6 30. Qd2 Rb6 31. Rd1 a5 32. Bd4 Qe7 33. h4 Ne5 34. Bd5
Rbb8 35. h5 Ne6 36. h6 Nxd4 37. hxg7+ Qxg7 38. Qxd4 f5 39. Rg3 Ng6 40. Qxg7+
Kxg7 41. Rg5 fxe4 42. Bxe4 Rbe8 43. Bxg6 hxg6 44. Rxa5 Re2 45. Rxd6 Rb2 46. Rg5
Rfxf2 47. Rgxg6+ Kf7 48. Rg3 Rfc2 49. Rdd3 Ke6 50. Kh2 Kf5 51. Rd4 Rc8 52. Rxb4
Rh8+ 53. Kg1 Rb1+ 54. Kf2 Rc8 55. Rf3+ Kg5 56. Kg3 Rc2 57. Rg4+ Kh5 58. Rf5+
Kh6 59. b4 1-0

[Event "M.Botvinnik Memorial 2012"]
[Site "St. Petersburg, Russia"]
[Date "2012.08.29"]
[Round "5.9"]
[White "Lovkov, Roman"]
[Black "Yemelin, Vasily"]
[Result "1/2-1/2"]
[WhiteElo "2424"]
[BlackElo "2579"]
[PlyCount "86"]
[EventDate "2012.08.25"]

1. d4 Nf6 2. Nf3 e6 3. g3 d5 4. Bg2 b5 5. O-O Bb7 6. b3 Nbd7 7. c4 bxc4 8. bxc4
dxc4 9. Qa4 Be7 10. Ne5 Bxg2 11. Kxg2 c5 12. dxc5 O-O 13. Nc6 Nxc5 14. Qxc4 Qd7
15. Nxe7+ Qxe7 16. Nd2 Rfc8 17. Nf3 Nce4 18. Qa6 Nd5 19. Ba3 Qd8 20. Rac1 h6
21. Qd3 Nef6 22. Ne5 Rxc1 23. Rxc1 Rc8 24. e4 Rxc1 25. Bxc1 Qc7 26. exd5 Qxe5
27. dxe6 Qxe6 28. Bb2 Qxa2 29. Qd8+ Kh7 30. Qd3+ Kg8 31. Qd8+ Kh7 32. Qd3+ Kh8
33. Bxf6 gxf6 34. Qd4 Qa6 35. Qd7 Kg8 36. Qg4+ Kf8 37. Qb4+ Ke8 38. Qe4+ Kf8
39. Qb4+ Ke8 40. Qe4+ Kd7 41. Qd4+ Kc8 42. Qc5+ Kd7 43. Qd4+ Kc8 1/2-1/2

[Event "M.Botvinnik Memorial 2012"]
[Site "St. Petersburg, Russia"]
[Date "2012.08.29"]
[Round "5.11"]
[White "Fedoseev, Vladimir"]
[Black "Matlakov, Maxim"]
[Result "0-1"]
[WhiteElo "2498"]
[BlackElo "2663"]
[PlyCount "94"]
[EventDate "2012.08.25"]

1. d4 Nf6 2. c4 g6 3. f3 c5 4. d5 d6 5. e4 Bg7 6. Nc3 O-O 7. Nge2 e6 8. Ng3
exd5 9. cxd5 a6 10. a4 h5 11. Be2 h4 12. Nf1 Nh7 13. Ne3 Nd7 14. O-O f5 15.
exf5 gxf5 16. Nc4 Ne5 17. Bf4 Re8 18. Qd2 Nxc4 19. Bxc4 Qf6 20. Ra3 Nf8 21. Kh1
Ng6 22. Bh6 Qd4 23. Bd3 Bd7 24. Rd1 Kh7 25. Bxg7 Kxg7 26. a5 Re7 27. Bf1 Qxd2
28. Rxd2 Re1 29. Kg1 Bb5 30. Rd1 Rae8 31. Rxe1 Rxe1 32. Nxb5 axb5 33. a6 bxa6
34. Rxa6 Rb1 35. Rxd6 Rxb2 36. Rb6 b4 37. Rb5 Rd2 38. d6 Kf6 39. Bc4 Ne5 40.
Rxc5 Nxc4 41. Rb5 Ne3 42. g4 fxg4 43. fxg4 h3 44. d7 Nxg4 45. Kf1 Nxh2+ 46. Ke1
Nf3+ 47. Kf1 h2 0-1

[Event "M.Botvinnik Memorial 2012"]
[Site "St. Petersburg, Russia"]
[Date "2012.08.29"]
[Round "5.12"]
[White "Kalegin, Evgenij"]
[Black "Khismatullin, Denis"]
[Result "1/2-1/2"]
[WhiteElo "2480"]
[BlackElo "2636"]
[PlyCount "141"]
[EventDate "2012.08.25"]

1. e4 c5 2. Nf3 d6 3. Bb5+ Nd7 4. c3 Ngf6 5. Qe2 a6 6. Ba4 b5 7. Bc2 Bb7 8. O-O
e6 9. d4 Be7 10. Re1 Qc7 11. a4 O-O 12. axb5 axb5 13. Rxa8 Rxa8 14. Bd3 Bc6 15.
Nbd2 c4 16. Bc2 e5 17. Nf1 Bf8 18. h3 g6 19. Ng3 Bg7 20. Bg5 h6 21. Be3 Re8 22.
Qd2 Kh7 23. d5 Bb7 24. Nh2 Ra8 25. Ng4 h5 26. Nxf6+ Bxf6 27. Rf1 Kg8 28. Bh6
Kh7 29. Be3 Qd8 30. Ne2 Bc8 31. f4 exf4 32. Bxf4 Ne5 33. Nd4 Bd7 34. Qf2 Kg7
35. Nf3 Nxf3+ 36. Qxf3 Qe7 37. Bh6+ Kxh6 38. Qxf6 Qxf6 39. Rxf6 Ra1+ 40. Kh2
Rc1 41. Rxf7 Bxh3 42. Kxh3 Rxc2 43. Rf6 Rxb2 44. Rxd6 Re2 45. Rb6 Rxe4 46. Rxb5
Re3+ 47. Kh2 Kg7 48. Rb8 Rxc3 49. d6 Rd3 50. Rc8 Rxd6 51. Rxc4 Kf6 52. Rc5 Rd4
53. Kh3 g5 54. Ra5 Rd3+ 55. Kh2 h4 56. Ra6+ Kf5 57. Ra5+ Kf4 58. Ra4+ Ke5 59.
Ra5+ Kf6 60. Ra6+ Kf5 61. Ra5+ Kg4 62. Ra4+ Kh5 63. Ra5 Re3 64. Rb5 Kg4 65.
Rb4+ Kf5 66. Rb5+ Kf4 67. Rb4+ Re4 68. Rxe4+ Kxe4 69. g3 h3 70. Kxh3 Kf3 71. g4
1/2-1/2

[Event "M.Botvinnik Memorial 2012"]
[Site "St. Petersburg, Russia"]
[Date "2012.08.29"]
[Round "5.13"]
[White "Khairullin, Ildar"]
[Black "Rozum, Ivan"]
[Result "1-0"]
[WhiteElo "2633"]
[BlackElo "2500"]
[PlyCount "79"]
[EventDate "2012.08.25"]

1. e4 c5 2. Nf3 Nc6 3. d4 cxd4 4. Nxd4 Qb6 5. Nb3 Nf6 6. Nc3 e6 7. Bd3 Be7 8.
O-O O-O 9. Be3 Qc7 10. f4 d6 11. g4 Re8 12. g5 Nd7 13. Qh5 g6 14. Qh4 Bf8 15.
Rf3 Bg7 16. Rh3 Nf8 17. a3 Ne7 18. Rf1 b6 19. Nd1 d5 20. e5 d4 21. Nxd4 Bb7 22.
Nc3 Nf5 23. Ncb5 Qd7 24. Nxf5 exf5 25. Nd6 Bc6 26. Bc4 Re6 27. Rd1 Rd8 28. Bf2
Ba8 29. Bxe6 Nxe6 30. Rc3 Qe7 31. Rcd3 Qc7 32. Rc3 Qe7 33. Rdd3 Bf8 34. Rh3 h5
35. gxh6 Rxd6 36. exd6 Qb7 37. h7+ Kh8 38. Bd4+ f6 39. Qxf6+ Bg7 40. Qxg7+ 1-0

[Event "M.Botvinnik Memorial 2012"]
[Site "St. Petersburg, Russia"]
[Date "2012.08.29"]
[Round "5.14"]
[White "Kharchenko, Boris"]
[Black "Andriasian, Zaven"]
[Result "1-0"]
[WhiteElo "2476"]
[BlackElo "2600"]
[PlyCount "119"]
[EventDate "2012.08.25"]

1. e4 d6 2. d4 Nf6 3. Nc3 g6 4. Bf4 Bg7 5. Qd2 Nbd7 6. Nf3 c5 7. Bh6 Bxh6 8.
Qxh6 cxd4 9. Nxd4 Qa5 10. O-O-O a6 11. Kb1 b5 12. Nd5 Nxd5 13. exd5 Bb7 14. Qg7
Rf8 15. Nc6 Bxc6 16. dxc6 Ne5 17. f4 Nxc6 18. Be2 d5 19. Qxh7 e6 20. Qh4 Qa4
21. Bd3 Rc8 22. Qf2 Nb4 23. a3 Nxd3 24. Rxd3 Kd7 25. g4 Rc7 26. Re1 Rfc8 27.
Re2 f5 28. gxf5 gxf5 29. Rh3 Qc4 30. Rc3 Qa4 31. Rh3 Qc4 32. Rh7+ Kd6 33. Rh6
Re8 34. Qe1 Rce7 35. Qd2 Qc5 36. Rh3 Rg8 37. Rc3 Qb6 38. Ka2 a5 39. Rb3 Rc8 40.
Rg3 b4 41. h4 Rb8 42. a4 Qc5 43. b3 Rh8 44. Rh3 Rh6 45. Qd3 Rc7 46. Qg3 Qd4 47.
Qg5 Qf6 48. Qg1 Rc5 49. h5 Qh8 50. Rg3 Qc8 51. Kb1 Rh8 52. Rg6 Re8 53. h6 Rc7
54. h7 Rxh7 55. Qb6+ Kd7 56. Rgxe6 Rxe6 57. Qxe6+ Kc7 58. Qxd5 Qa6 59. Re6 Qb7
60. Qd6+ 1-0

[Event "M.Botvinnik Memorial 2012"]
[Site "St. Petersburg, Russia"]
[Date "2012.08.29"]
[Round "5.15"]
[White "Kovalenko, Igor"]
[Black "Alekseenko, Kirill"]
[Result "1/2-1/2"]
[WhiteElo "2586"]
[BlackElo "2430"]
[PlyCount "179"]
[EventDate "2012.08.25"]

1. d4 d5 2. Nf3 Nf6 3. e3 c5 4. dxc5 e6 5. a3 Bxc5 6. b4 Bd6 7. Bb2 O-O 8. Nbd2
a5 9. b5 Re8 10. c4 Nbd7 11. cxd5 exd5 12. Be2 Nc5 13. a4 Bg4 14. O-O Rc8 15.
h3 Bh5 16. Nb3 Nce4 17. Rc1 Bb8 18. Nbd4 Qd6 19. Rxc8 Rxc8 20. Qa1 Re8 21. Ba3
Qb6 22. Rc1 Bxf3 23. Bxf3 Nd2 24. Qa2 Nxf3+ 25. Nxf3 Qe6 26. Qb3 Ne4 27. b6 g5
28. Rd1 Rd8 29. Bb2 f6 30. Kf1 Qf5 31. Ke2 h5 32. g4 hxg4 33. hxg4 Qe6 34. Rg1
Rd6 35. Nd4 Rxb6 36. Qc2 Qd6 37. Rc1 Bc7 38. Bc3 Qh2 39. Be1 Bd8 40. Qc8 Qd6
41. Nb5 Qf8 42. Qd7 Nd6 43. Qe6+ Qf7 44. Qxf7+ Kxf7 45. Nc3 Rb2+ 46. Kf3 Ke6
47. Rd1 Nf7 48. Nxd5 Ra2 49. Nc3 Ra3 50. Rb1 b6 51. Ke4 Ne5 52. f3 Nd7 53. f4
Nc5+ 54. Kd4 Nxa4 55. f5+ Kd7 56. e4 Bc7 57. Nxa4 Rxa4+ 58. Kd5 Ra3 59. Bf2
Rd3+ 60. Kc4 Rd6 61. Bd4 Kc6 62. Bc3 Bd8 63. e5 fxe5 64. Bxe5 Rd5 65. Bg7 b5+
66. Kc3 a4 67. Rf1 Ba5+ 68. Kb2 Rd2+ 69. Kc1 Rd7 70. f6 Bd2+ 71. Kc2 Bf4 72.
Bf8 Kd5 73. Rb1 Rb7 74. Re1 Rf7 75. Be7 Be5 76. Rf1 b4 77. Bxb4 Rxf6 78. Rxf6
Bxf6 79. Kd3 Bd8 80. Ba3 Bf6 81. Bb4 Ke6 82. Kc4 Be5 83. Bd2 Bf4 84. Bc3 Bd6
85. Bd2 Kf6 86. Bc3+ Be5 87. Bd2 Bb2 88. Kb4 a3 89. Kb3 Kg6 90. Ka2 1/2-1/2

[Event "M.Botvinnik Memorial 2012"]
[Site "St. Petersburg, Russia"]
[Date "2012.08.29"]
[Round "5.16"]
[White "Smirnov, Artem"]
[Black "Fedorov, Alexei"]
[Result "1/2-1/2"]
[WhiteElo "2425"]
[BlackElo "2579"]
[PlyCount "74"]
[EventDate "2012.08.25"]

1. d4 Nf6 2. c4 g6 3. Nc3 Bg7 4. e4 d6 5. Nf3 O-O 6. Be2 e5 7. O-O Nc6 8. d5
Ne7 9. Kh1 a5 10. Ne1 b6 11. Be3 Kh8 12. a3 a4 13. Nd3 Bd7 14. f4 exf4 15. Bxf4
Neg8 16. Qd2 Qe7 17. Rae1 Nxe4 18. Nxe4 Qxe4 19. Bg4 Qxe1 20. Nxe1 Bxg4 21. Be3
Rae8 22. h3 Bd7 23. Nf3 Nf6 24. Bd4 Kg8 25. Kh2 Ne4 26. Qf4 f6 27. Re1 g5 28.
Qc1 Re7 29. Nd2 Rfe8 30. Rf1 Nxd2 31. Qxd2 Rf7 32. Re1 Rfe7 33. Rf1 Rf8 34. Re1
Rfe8 35. Rf1 Rf8 36. Re1 Rfe8 37. Rf1 Rf8 1/2-1/2

[Event "M.Botvinnik Memorial 2012"]
[Site "St. Petersburg, Russia"]
[Date "2012.08.29"]
[Round "5.17"]
[White "Grigoryan, Avetik"]
[Black "Pakhomov, Egor"]
[Result "0-1"]
[WhiteElo "2579"]
[BlackElo "2417"]
[PlyCount "96"]
[EventDate "2012.08.25"]

1. d4 e6 2. Nf3 d5 3. c4 Nf6 4. Nc3 c6 5. Bg5 h6 6. Bxf6 Qxf6 7. e3 Nd7 8. Bd3
dxc4 9. Bxc4 g6 10. O-O Bg7 11. Re1 O-O 12. e4 e5 13. d5 Nb6 14. Bb3 Rd8 15. h3
Be6 16. dxe6 Rxd1 17. exf7+ Kh7 18. Raxd1 Rd8 19. Rxd8 Qxd8 20. Na4 Nd7 21. a3
Qe7 22. Rd1 b5 23. Nc3 Nc5 24. Ba2 a5 25. Nd2 Nd3 26. Rb1 Qc5 27. Nd1 Qc2 28.
Nf1 b4 29. Nfe3 Qd2 30. axb4 axb4 31. Bc4 Qe1+ 32. Nf1 Qxe4 33. Nde3 Nxf2 34.
Ra1 Qf4 35. Ra8 Ne4 36. Rc8 Qf2+ 37. Kh1 Nd6 38. Rxc6 Nxc4 39. Rxc4 Qxb2 40.
Nd5 Qf2 41. Nfe3 b3 42. Kh2 b2 43. Rb4 e4 44. f8=Q Qxf8 45. Rb7 h5 46. Nc4 Kh6
47. Rb6 Qc5 48. Nce3 Qxb6 0-1

[Event "M.Botvinnik Memorial 2012"]
[Site "St. Petersburg, Russia"]
[Date "2012.08.29"]
[Round "5.18"]
[White "Pridorozhni, Aleksei"]
[Black "Bodnaruk, Anastasia"]
[Result "1-0"]
[WhiteElo "2533"]
[BlackElo "2414"]
[PlyCount "107"]
[EventDate "2012.08.25"]

1. e4 c5 2. Nf3 d6 3. c3 Nf6 4. h3 g6 5. Bd3 Bg7 6. Bc2 e5 7. d4 exd4 8. cxd4
O-O 9. O-O Nc6 10. dxc5 dxc5 11. Nc3 Be6 12. Be3 Qa5 13. Qe2 Rad8 14. Rfd1 Nb4
15. Bb3 c4 16. Bxc4 Bxc4 17. Qxc4 Nc2 18. Rxd8 Rxd8 19. Rd1 Nxe3 20. Rxd8+ Qxd8
21. fxe3 Bh6 22. Qd4 Qe7 23. Kf2 Bg7 24. Qc4 h6 25. e5 Ne8 26. Qd4 b6 27. b3
Kh7 28. Nd5 Qa3 29. Qd2 Qc5 30. g4 Nc7 31. Nxc7 Qxc7 32. Qd5 Qc2+ 33. Kg3 Qc7
34. Qd6 Qb7 35. h4 Qe4 36. Qd4 Qc6 37. h5 g5 38. Qd3+ Kg8 39. Kf2 Kh8 40. Qd8+
Kh7 41. Qe7 Kg8 42. Qxa7 Qc2+ 43. Kg3 Qe4 44. Qb8+ Kh7 45. Qc7 Qd5 46. Qc4 Qd7
47. a4 Kg8 48. Kf2 Kh8 49. Ke2 Kg8 50. Qe4 Qe6 51. Nd4 Qxe5 52. Qxe5 Bxe5 53.
Nf5 Kf8 54. Kd3 1-0

[Event "M.Botvinnik Memorial 2012"]
[Site "St. Petersburg, Russia"]
[Date "2012.08.29"]
[Round "5.19"]
[White "Yakovich, Yuri"]
[Black "Aitbayev, Aslan"]
[Result "1/2-1/2"]
[WhiteElo "2525"]
[BlackElo "2411"]
[PlyCount "80"]
[EventDate "2012.08.25"]

1. d4 Nf6 2. c4 g6 3. Nc3 Bg7 4. e4 d6 5. Be2 O-O 6. Bg5 Na6 7. Nf3 h6 8. Be3
Ng4 9. Bc1 e5 10. O-O c6 11. dxe5 dxe5 12. Qxd8 Rxd8 13. h3 Nf6 14. Be3 Be6 15.
a3 Nd7 16. b4 f5 17. Rad1 Nc7 18. Nh4 Bf6 19. Nf3 Kg7 20. Bc1 a5 21. Bb2 axb4
22. axb4 Nb6 23. Nd2 Na4 24. Nxa4 Rxa4 25. Bc3 Ra2 26. b5 cxb5 27. cxb5 fxe4
28. Rfe1 e3 29. fxe3 Nd5 30. Ne4 Nxc3 31. Nxc3 Rxd1 32. Bxd1 Rb2 33. Bf3 Rb3
34. Rc1 b6 35. Ne4 Be7 36. Rc6 Bd5 37. Rc7 Kf8 38. Rc8+ Kg7 39. Rc7 Kf8 40.
Rc8+ Kg7 1/2-1/2